<?xml version="1.0" encoding="UTF-8"?><?xml-stylesheet type="text/xsl" href="static/style.xsl"?><OAI-PMH xmlns="http://www.openarchives.org/OAI/2.0/" xmlns:xsi="http://www.w3.org/2001/XMLSchema-instance" xsi:schemaLocation="http://www.openarchives.org/OAI/2.0/ http://www.openarchives.org/OAI/2.0/OAI-PMH.xsd"><responseDate>2026-04-13T07:37:51Z</responseDate><request verb="GetRecord" identifier="oai:www.recercat.cat:2099.1/15851" metadataPrefix="marc">https://recercat.cat/oai/request</request><GetRecord><record><header><identifier>oai:recercat.cat:2099.1/15851</identifier><datestamp>2025-07-22T19:14:18Z</datestamp><setSpec>com_2072_1033</setSpec><setSpec>col_2072_452951</setSpec></header><metadata><record xmlns="http://www.loc.gov/MARC21/slim" xmlns:dcterms="http://purl.org/dc/terms/" xmlns:xsi="http://www.w3.org/2001/XMLSchema-instance" xmlns:doc="http://www.lyncode.com/xoai" xsi:schemaLocation="http://www.loc.gov/MARC21/slim http://www.loc.gov/standards/marcxml/schema/MARC21slim.xsd">
   <leader>00925njm 22002777a 4500</leader>
   <datafield ind2=" " ind1=" " tag="042">
      <subfield code="a">dc</subfield>
   </datafield>
   <datafield ind2=" " ind1=" " tag="720">
      <subfield code="a">Aparicio Bañeres, Fernando</subfield>
      <subfield code="e">author</subfield>
   </datafield>
   <datafield ind2=" " ind1=" " tag="260">
      <subfield code="c">2011-10-21</subfield>
   </datafield>
   <datafield ind2=" " ind1=" " tag="520">
      <subfield code="a">La diferente rigidez que caracteriza a la vía en placa y la vía en balasto en una línea de ferrocarril da lugar a puntos de cambio de rigidez a lo largo de una misma línea férrea.&#xd;
&#xd;
Esos cambios, de no ser graduales, producen varios efectos indeseables: deterioro rápido de vía y tren, inseguridad e incomodidad. Para evitar dichos efectos se proyecta una transición entre ambos sistemas de vía, placa y balasto.&#xd;
&#xd;
En esta tesina, se analiza el funcionamiento de las transiciones usadas hoy en día, a través del ejemplo del túnel de Guadarrama y desde el enfoque de los desplazamientos.&#xd;
&#xd;
Para ello, se realiza un análisis de los desplazamientos que sufre el tren al pasar por las diferentes secciones de la transición mediante un modelo de elementos finitos. Asimismo, se realiza el análisis mediante un programa de barras, por cálculo matricial, en el que se implementa el modelo de Winkler. Tras ello, se hace un análisis y comparación de los resultados, extrayendo las conclusiones oportunas.</subfield>
   </datafield>
   <datafield tag="653" ind2=" " ind1=" ">
      <subfield code="a">Àrees temàtiques de la UPC::Enginyeria civil</subfield>
   </datafield>
   <datafield tag="653" ind2=" " ind1=" ">
      <subfield code="a">Àrees temàtiques de la UPC::Enginyeria civil::Materials i estructures</subfield>
   </datafield>
   <datafield tag="653" ind2=" " ind1=" ">
      <subfield code="a">Ballasted track</subfield>
   </datafield>
   <datafield tag="653" ind2=" " ind1=" ">
      <subfield code="a">Slab track</subfield>
   </datafield>
   <datafield tag="653" ind2=" " ind1=" ">
      <subfield code="a">Balast (Ferrocarrils)</subfield>
   </datafield>
   <datafield ind2="0" ind1="0" tag="245">
      <subfield code="a">Cálculo de desplazamientos verticales en la transición entre vía en placa y vía en balasto</subfield>
   </datafield>
</record></metadata></record></GetRecord></OAI-PMH>